Baby Names Ending with -SON Quiz Stats

 Plays Quiz Updated Jan 29, 2019

Score 0/75 Timer 10:00
13 Plays Today
Year Name % Correct
1895Jackson
84.7%
1925Jackson
84.7%
1955Jackson
84.7%
1985Jackson
84.7%
2015Jackson
84.7%
2015Jaxson
84.7%
1895Mason
76.5%
1895Jason
76.5%
1925Mason
76.5%
1925Jason
76.5%
1955Jason
76.5%
1955Mason
76.5%
1985Jason
76.5%
1985Jayson
76.5%
1985Mason
76.5%
2015Mason
76.5%
2015Jason
76.5%
1895Wilson
76.2%
1925Wilson
76.2%
1955Wilson
76.2%
1985Wilson
76.2%
1925Allison
75.5%
1955Alison
75.5%
1955Allison
75.5%
1985Allison
75.5%
1985Alison
75.5%
1985Allyson
75.5%
1955Allyson
75.5%
1985Alyson
75.5%
2015Allison
75.5%
1895Harrison
72.7%
1925Harrison
72.7%
1955Harrison
72.7%
1985Harrison
72.7%
2015Harrison
72.7%
1895Madison
69.9%
1925Madison
69.9%
2015Madison
69.9%
Year Name % Correct
1895Johnson
65.4%
1925Carson
61.6%
1955Carson
61.6%
1985Carson
61.6%
2015Carson
61.6%
1895Nelson
61.2%
1925Nelson
61.2%
1955Nelson
61.2%
1985Nelson
61.2%
1985Jameson
57.3%
1985Jamison
57.3%
2015Grayson
53.5%
2015Greyson
53.5%
1895Addison
51.8%
2015Addison
51.8%
1895Anderson
48.8%
1925Anderson
48.8%
1955Anderson
48.8%
1895Jefferson
46.1%
1925Jefferson
46.1%
1955Jefferson
46.1%
1895Emerson
43.8%
1925Emerson
43.8%
1955Emerson
43.8%
2015Emerson
43.8%
1955Edison
38.8%
1985Tyson
34.3%
1895Watson
31.7%
2015Bryson
28%
2015Dawson
25.8%
2015Hudson
23.6%
1925Lawson
21.2%
1895Henderson
19.9%
1925Henderson
19.9%
1895Judson
14.7%
1925Judson
14.7%
1955Judson
14.7%

You're not logged in!

Compare scores with friends on all Sporcle quizzes.
OR
Log In

Show Comments

Extras

Top Quizzes Today


Score Distribution

Your Account Isn't Verified!

In order to create a playlist on Sporcle, you need to verify the email address you used during registration. Go to your Sporcle Settings to finish the process.

Report this User

Report this user for behavior that violates our Community Guidelines.

Details: